ბათუმის შოთა რუსთაველის სახელმწიფო უნივერსიტეტის ბიბლიოთეკა

რადიოგრაფიის პრინციპები და რადიაციული უსაფრთხოება სტომატოლოგიაში : (ბიბ.ჩანაწერი № 62108)

000 -ლიდერი
ფიქსირებული სიგრძის საკონტროლო ველი 01809nam a22002657a 4500
003 - საკონტროლო ნომრის იდენტიფიკატორი
საკონტროლო ველი Ge_BSU
005 - ბოლო ოპერაციის თარიღი და დრო
საკონტროლო ველი 20240712103031.0
008 - ფიქსირებული სიგრძის მონაცემთა ელემენტები - ზოგადი ინფორმაცია
ფიქსირებული სიგრძის საკონტროლო ველი 240712s2018 ge ||||| |||| 00| 0 geo d
020 ## - წიგნის საერთაშორისო სტანდარტული ნომერი
International Standard Book Number 9789941804809
041 ## - ენის კოდი
Language code of text/sound track or separate title geo
080 ## - უნივერსალური ათობითი კლასიფიკაციის ინდექსი
Universal Decimal Classification number 615.849.5+616.31რ-15
245 ## - ცნობა სათაურის შესახებ
Title რადიოგრაფიის პრინციპები და რადიაციული უსაფრთხოება სტომატოლოგიაში :
Remainder of title [სახელმძღვანელო] /
Statement of responsibility, etc ზურაბ ალხანიშვილი, ქეთევან გოგილაშვილი, გვანცა ტაბაღუა, ლილე კვაცაშვილი ; რედ. ქეთევან აბრამიშვილი.
264 ## - წარმოების, გამოცემის, დისტრიბუციის და სხვა ცნობები
გამოცემის, წარმოების, დისტრიბუციის... ადგილი თბილისი,
გამოცემის, წარმოების, დისტრიბუციის... თარიღი 2018.
300 ## - ფიზიკური აღწერა
Extent 180 გვ. :
Other physical details სურ., ცხრ. ;
Dimensions 23 სმ.
500 ## - ზოგადი შენიშვნა
General note ghtwriter / Fotolia. წიგნი დაბეჭდილია სტამბაში IMAK, თურქეთი.
653 ## - INDEX TERM--UNCONTROLLED
Uncontrolled term სამედიცინო რადიოლოგია. სტომატოლოგია.
653 ## - INDEX TERM--UNCONTROLLED
Uncontrolled term მედიცინა
653 ## - INDEX TERM--UNCONTROLLED
Uncontrolled term Dental radiography principles and radiation protection in dentistry : [Textbook]
700 ## - ADDED ENTRY--PERSONAL NAME
Personal name ალხანიშვილი, ზურაბ
Relator term ავტორი.
9 (RLIN) 8430
700 ## - ADDED ENTRY--PERSONAL NAME
Personal name გოგილაშვილი, ქეთევან,
Relator term ავტორი.
9 (RLIN) 22814
700 ## - ADDED ENTRY--PERSONAL NAME
Personal name ტაბაღუა, გვანცა,
Relator term ავტორი.
9 (RLIN) 8431
700 ## - ADDED ENTRY--PERSONAL NAME
Personal name კვაცაშვილი, ლილე,
Relator term ავტორი.
9 (RLIN) 22815
700 ## - ADDED ENTRY--PERSONAL NAME
Personal name აბრამიშვილი, ქეთევან,
Relator term რედაქტორი და სხვ
9 (RLIN) 22816
942 ## - ADDED ENTRY ELEMENTS (KOHA)
Source of classification or shelving scheme
Koha item type წიგნი
ეგზემპლარები
ჩამოწერის სტატუსი დაკარგული ეგზემპლარის სტატუსი კლასიფიკაციის წყარო ან თაროზე გაწყობის სქემა დაზიანების სტატუსი არ გაიცემა მუდმივი მდებარეობა (დაცვის ადგილი) ამჟამინდელი ადგილსამყოფელი თაროზე განთავსების ადგილი შეძენის თარიღი ღირებულება, შესყიდვის ნორმალური ფასი სრული შენახვის შიფრი შტრიხკოდი ბოლო ოპერაციის თარიღი ეგზემპლარის მიმდევრობითი ნომერი (კეტერი?) ფასის ძალაში შესვლის თარიღი ეგზემპლარის სახეობა საჯარო შენიშვნა
          ბათუმის შოთა რუსთაველის სახელმწიფო უნივერსიტეტის მთავარი ბიბლიოთეკა ბათუმის შოთა რუსთაველის სახელმწიფო უნივერსიტეტის მთავარი ბიბლიოთეკა წიგნსაცავი 2024-07-12 84.00 615.849.5+616.31რ-15 68674 2024-07-12 68674 2024-07-12 წიგნი 84.00
          ბათუმის შოთა რუსთაველის სახელმწიფო უნივერსიტეტის მთავარი ბიბლიოთეკა ბათუმის შოთა რუსთაველის სახელმწიფო უნივერსიტეტის მთავარი ბიბლიოთეკა წიგნსაცავი 2024-07-12 84.00 615.849.5+616.31რ-15 68675 2024-07-12 68675 2024-07-12 წიგნი 84.00
          ბათუმის შოთა რუსთაველის სახელმწიფო უნივერსიტეტის მთავარი ბიბლიოთეკა ბათუმის შოთა რუსთაველის სახელმწიფო უნივერსიტეტის მთავარი ბიბლიოთეკა წიგნსაცავი 2024-07-12 84.00 615.849.5+616.31რ-15 68676 2024-07-12 68676 2024-07-12 წიგნი 84.00